<?xml version="1.0" encoding="UTF-8"?>
<record
    xmlns:xsi="http://www.w3.org/2001/XMLSchema-instance"
    xsi:schemaLocation="http://www.loc.gov/MARC21/slim http://www.loc.gov/standards/marcxml/schema/MARC21slim.xsd"
    xmlns="http://www.loc.gov/MARC21/slim">

  <leader>01360nam a2200253   4500</leader>
  <datafield tag="999" ind1=" " ind2=" ">
    <subfield code="c">56856</subfield>
    <subfield code="d">56856</subfield>
  </datafield>
  <controlfield tag="003">Ge_BSU</controlfield>
  <controlfield tag="005">20190516204512.0</controlfield>
  <controlfield tag="008">190516s1992    ge ||||| |||| 00| 0 geo d</controlfield>
  <datafield tag="020" ind1=" " ind2=" ">
    <subfield code="a">5520010811 </subfield>
  </datafield>
  <datafield tag="041" ind1=" " ind2=" ">
    <subfield code="a">geo</subfield>
  </datafield>
  <datafield tag="080" ind1=" " ind2=" ">
    <subfield code="a"> 091(=14'04) + 821.14'04.09 &#x10E5;-34</subfield>
  </datafield>
  <datafield tag="100" ind1=" " ind2=" ">
    <subfield code="a">&#x10E5;&#x10D0;&#x10EF;&#x10D0;&#x10D8;&#x10D0;, &#x10DC;&#x10D8;&#x10DC;&#x10DD;</subfield>
    <subfield code="9">1285</subfield>
  </datafield>
  <datafield tag="245" ind1=" " ind2=" ">
    <subfield code="a">&#x10D1;&#x10D0;&#x10E1;&#x10D8;&#x10DA;&#x10D8; &#x10D9;&#x10D4;&#x10E1;&#x10D0;&#x10E0;&#x10D8;&#x10D4;&#x10DA;&#x10D8;&#x10E1; &#x10D7;&#x10EE;&#x10D6;&#x10E3;&#x10DA;&#x10D4;&#x10D1;&#x10D0;&#x10D7;&#x10D0; &#x10EB;&#x10D5;&#x10D4;&#x10DA;&#x10D8; &#x10E5;&#x10D0;&#x10E0;&#x10D7;&#x10E3;&#x10DA;&#x10D8; &#x10D7;&#x10D0;&#x10E0;&#x10D2;&#x10DB;&#x10D0;&#x10DC;&#x10D4;&#x10D1;&#x10D8; /</subfield>
    <subfield code="c">&#x10E0;&#x10D4;&#x10D3;.: &#x10EA;. &#x10E5;&#x10E3;&#x10E0;&#x10EA;&#x10D8;&#x10D9;&#x10D8;&#x10EB;&#x10D4; ; &#x10E1;&#x10D0;&#x10E5;. &#x10DB;&#x10D4;&#x10EA;&#x10DC;. &#x10D0;&#x10D9;&#x10D0;&#x10D3;., &#x10D9;. &#x10D9;&#x10D4;&#x10D9;&#x10D4;&#x10DA;&#x10D8;&#x10EB;&#x10D8;&#x10E1; &#x10E1;&#x10D0;&#x10EE;. &#x10EE;&#x10D4;&#x10DA;&#x10DC;&#x10D0;&#x10EC;. &#x10D8;&#x10DC;-&#x10E2;&#x10D8;.</subfield>
  </datafield>
  <datafield tag="264" ind1=" " ind2=" ">
    <subfield code="a">&#x10D7;&#x10D1;&#x10D8;&#x10DA;&#x10D8;&#x10E1;&#x10D8; :</subfield>
    <subfield code="b"> &#x10DB;&#x10D4;&#x10EA;&#x10DC;&#x10D8;&#x10D4;&#x10E0;&#x10D4;&#x10D1;&#x10D0;, </subfield>
    <subfield code="c">1992.</subfield>
  </datafield>
  <datafield tag="300" ind1=" " ind2=" ">
    <subfield code="a">352&#x10D2;&#x10D5;. ; </subfield>
    <subfield code="b">26&#x10E1;&#x10DB;.</subfield>
  </datafield>
  <datafield tag="504" ind1=" " ind2=" ">
    <subfield code="a">&#x10D1;&#x10D8;&#x10D1;&#x10DA;&#x10D8;&#x10DD;&#x10D2;&#x10E0;.: &#x10D2;&#x10D5;. 339. </subfield>
  </datafield>
  <datafield tag="520" ind1=" " ind2=" ">
    <subfield code="a">&#x10E0;&#x10D4;&#x10D6;. &#x10E0;&#x10E3;&#x10E1;. &#x10D3;&#x10D0; &#x10D8;&#x10DC;&#x10D2;&#x10DA;. &#x10D4;&#x10DC;..</subfield>
  </datafield>
  <datafield tag="653" ind1=" " ind2=" ">
    <subfield code="a">&#x10D1;&#x10D0;&#x10E1;&#x10D8;&#x10DA;&#x10D8; &#x10D9;&#x10D4;&#x10E1;&#x10D0;&#x10E0;&#x10D8;&#x10D4;&#x10DA;&#x10D8;</subfield>
  </datafield>
  <datafield tag="653" ind1=" " ind2=" ">
    <subfield code="a"> &#x10D1;&#x10D8;&#x10D6;&#x10D0;&#x10DC;&#x10E2;&#x10D8;&#x10E3;&#x10E0;&#x10D8; &#x10DB;&#x10EC;&#x10D4;&#x10E0;&#x10DA;&#x10DD;&#x10D1;&#x10D0;</subfield>
  </datafield>
  <datafield tag="653" ind1=" " ind2=" ">
    <subfield code="a">&#x10D1;&#x10D8;&#x10D6;&#x10D0;&#x10DC;&#x10E2;&#x10D8;&#x10E3;&#x10E0;&#x10D8; &#x10EE;&#x10D4;&#x10DA;&#x10DC;&#x10D0;&#x10EC;&#x10D4;&#x10E0;&#x10D4;&#x10D1;&#x10D8;</subfield>
  </datafield>
  <datafield tag="700" ind1=" " ind2=" ">
    <subfield code="a">&#x10E5;&#x10E3;&#x10E0;&#x10EA;&#x10D8;&#x10D9;&#x10D8;&#x10EB;&#x10D4;, &#x10EA;.</subfield>
    <subfield code="e">&#x10E0;&#x10D4;&#x10D3;&#x10D0;&#x10E5;&#x10E2;&#x10DD;&#x10E0;&#x10D8;</subfield>
    <subfield code="9">1286</subfield>
  </datafield>
  <datafield tag="710" ind1=" " ind2=" ">
    <subfield code="a">&#x10E1;&#x10D0;&#x10E5;. &#x10DB;&#x10D4;&#x10EA;&#x10DC;. &#x10D0;&#x10D9;&#x10D0;&#x10D3;., &#x10D9;. &#x10D9;&#x10D4;&#x10D9;&#x10D4;&#x10DA;&#x10D8;&#x10EB;&#x10D8;&#x10E1; &#x10E1;&#x10D0;&#x10EE;. &#x10EE;&#x10D4;&#x10DA;&#x10DC;&#x10D0;&#x10EC;. &#x10D8;&#x10DC;-&#x10E2;&#x10D8;.</subfield>
    <subfield code="9">1287</subfield>
  </datafield>
  <datafield tag="942" ind1=" " ind2=" ">
    <subfield code="2">udc</subfield>
    <subfield code="c">BK</subfield>
  </datafield>
  <datafield tag="952" ind1=" " ind2=" ">
    <subfield code="0">0</subfield>
    <subfield code="1">0</subfield>
    <subfield code="2">udc</subfield>
    <subfield code="4">0</subfield>
    <subfield code="6">0911404__821140409_&#x10E5;34</subfield>
    <subfield code="7">0</subfield>
    <subfield code="9">83076</subfield>
    <subfield code="a">CPL</subfield>
    <subfield code="b">CPL</subfield>
    <subfield code="c">GEN</subfield>
    <subfield code="d">2019-05-16</subfield>
    <subfield code="g">7.00</subfield>
    <subfield code="o">091(=14'04) + 821.14'04.09 &#x10E5;-34</subfield>
    <subfield code="p">29059</subfield>
    <subfield code="r">2019-05-16</subfield>
    <subfield code="t">29059</subfield>
    <subfield code="w">2019-05-16</subfield>
    <subfield code="y">BK</subfield>
    <subfield code="z">7 &#x10DA;.</subfield>
  </datafield>
</record>
